000 00700nam a2200253Ia 4500
001 54137
005 20240114005411.0
007 ta
008 110516s2006 g b000 u 903 u
020 _a10:0-19-566504-X
040 _aCotton College,Assam
041 _a903
082 _a330.954
_bPa 272 Gl
100 _aPatel, I.G. .
245 0 _aGlimpses of Indian Economic Policy An Insider`s View /
_cI.G.Patel.
_hTextual Documents
250 _aIst ed. /
260 _aNew Delhi :
_bOxford University Press ,
_c2006.
300 _a205pg ;
_c18cm.
653 _aEconomic-Economic Policy
653 _aG- Economic
942 _2ddc
_cBK
999 _c54100
_d54100